[Event "Staufer op 25th"]
[Site "Schwaebisch Gmuend"]
[Date "2013.01.03"]
[Round "3"]
[White "Kugler, Florian"]
[Black "Stabernack, Joschi"]
[Result "1-0"]
[WhiteElo "2222"]
[BlackElo "2022"]
[PlyCount "77"]
[EventDate "2013.01.02"]
[EventType "swiss"]
[EventRounds "9"]
[EventCountry "GER"]
[SourceTitle "CBM 152 Extra"]
[Source "ChessBase"]
[SourceDate "2013.02.25"]
[SourceVersion "1"]
[SourceVersionDate "2013.02.25"]
[SourceQuality "1"]

1. Nf3 Nf6 2. c4 g6 3. Nc3 Bg7 4. d4 0-0 5. Bg5 d6 6. Qd2 c6 7. e4 Na6 8. Be2 Qa5 9. 0-0 Bg4 10. a3 e5 11. b4 Qc7 12. d5 c5 13. Rab1 b6 14. Rfc1 Rfc8 15. h3 Bxf3 16. Bxf3 Re8 17. Be3 Bf8 18. g3 Nd7 19. Qc2 f6 20. Bg4 Red8 21. h4 Be7 22. Qe2 Kg7 23. Kg2 Rh8 24. Qd1 h5 25. Bh3 Qb7 26. Kh2 Rac8 27. Qd3 Rcf8 28. Rg1 Rc8 29. Qe2 g5 30. g4 Kh6 31. gxh5 Rcg8 32. Rg2 Nf8 33. b5 Nc7 34. Rbg1 Nh7 35. Bf5 Qb8 36. Qf3 Qd8 37. Ne2 Ne8 38. Ng3 Nc7 39. Be6 1-0

[Event "GER-ch U18"]
[Site "Oberhof"]
[Date "2011.06.16"]
[Round "7"]
[White "Kugler, Florian"]
[Black "Frischmann, Rick"]
[Result "1-0"]
[WhiteElo "2210"]
[BlackElo "1936"]
[PlyCount "61"]
[EventDate "2011.06.11"]
[EventType "swiss"]
[EventRounds "9"]
[EventCountry "GER"]
[SourceTitle "CBM 142 Extra"]
[Source "ChessBase"]
[SourceDate "2011.06.27"]
[SourceVersion "1"]
[SourceVersionDate "2011.06.27"]
[SourceQuality "1"]

1. d4 d5 2. c4 c6 3. e3 Nf6 4. Qc2 a6 5. b3 g6 6. Bd3 Bg7 7. Nc3 0-0 8. Nf3 Nbd7 9. Bb2 b6 10. h4 h5 11. Ne2 Re8 12. Nf4 Nf8 13. Ne5 Bb7 14. Rh3 Ng4 15. Nxf7 Kxf7 16. Bxg6+ Kg8 17. Nxh5 Qd6 18. Bxe8 Rxe8 19. Rg3 Bc8 20. Qe2 Qg6 21. Nxg7 Kxg7 22. f3 Qd6 23. Rxg4+ Bxg4 24. fxg4 Qg3+ 25. Kd2 Qxh4 26. Rf1 Nd7 27. e4 Nf6 28. exd5 cxd5 29. Qe5 Kh7 30. cxd5 Nxg4 31. Rf7+ 1-0

[Event "GER-ch U18"]
[Site "Oberhof"]
[Date "2011.06.12"]
[Round "1"]
[White "Kugler, Florian"]
[Black "Cremer, Jan Paul"]
[Result "1-0"]
[WhiteElo "2210"]
[BlackElo "2026"]
[PlyCount "63"]
[EventDate "2011.06.11"]
[EventType "swiss"]
[EventRounds "9"]
[EventCountry "GER"]
[SourceTitle "CBM 142 Extra"]
[Source "ChessBase"]
[SourceDate "2011.06.27"]
[SourceVersion "1"]
[SourceVersionDate "2011.06.27"]
[SourceQuality "1"]

1. d4 Nf6 2. Nf3 e6 3. g3 d5 4. c4 Be7 5. Bg2 0-0 6. b3 c5 7. cxd5 exd5 8. 0-0 Nc6 9. Bb2 Bf5 10. Nc3 Rc8 11. Rc1 Be4 12. dxc5 Bxc5 13. Nxe4 Nxe4 14. Nd2 Nxf2 15. Rxf2 Qb6 16. Rxc5 Qxc5 17. Nf3 Rfe8 18. Nd4 Ne5 19. Bf3 Rc7 20. Qd2 g6 21. Kg2 Rce7 22. Qg5 Nxf3 23. Kxf3 Re5 24. Qf6 Qe7 25. Qxe7 R5xe7 26. Rf1 Rc8 27. Rd1 f6 28. Rd2 a6 29. Nc2 Rd7 30. Ne3 Rcd8 31. Ng4 Rf7 32. Nh6+ 1-0